| 000 -LEADER |
| fixed length control field |
01619nam a22001937a 4500 |
| 020 ## - INTERNATIONAL STANDARD BOOK NUMBER |
| ISBN |
9781071606117 |
| 022 ## - INTERNATIONAL STANDARD SERIAL NUMBER |
| ISSN |
19406029 |
| 082 ## - DEWEY DECIMAL CLASSIFICATION NUMBER |
| Classification number |
610.284 |
| Item number |
C738 2021 |
| 245 ## - TITLE STATEMENT |
| Title |
Computer-aided tissue engineering : methods and protocols / edited by Alberto Rainer and Lorenzo Moroni. |
| 260 ## - PUBLICATION, DISTRIBUTION, ETC. (IMPRINT) |
| Place of publication |
New York : |
| Name of publisher |
Humana Press, |
| Year of publication |
2021. |
| 300 ## - PHYSICAL DESCRIPTION |
| Number of Pages |
1 online resource, ix, 188 pages : |
| Other physical details |
illustrations (some color). |
| 500 ## - GENERAL NOTE |
| General note |
Includes bibliographical references and index. |
| 520 ## - SUMMARY, ETC. |
| Summary, etc |
This volume details protocols encompassing different aspects of computer aided design and manufacturing of 3D scaffolds and biofabricated constructs for tissue engineering applications. Chapters are divided into four parts covering optimization of scaffold architectures for computer aided tissue engineering, synthetic routes to biomaterials compatible, technological platforms and manufacturing processes, and relevant applicative scenarios. Written in the highly successful Methods in Molecular Biology series format, chapters include introductions to their respective topics, lists of the necessary materials and reagents, step-by-step, readily reproducible laboratory protocols, and tips on troubleshooting and avoiding known pitfalls. Authoritative and cutting-edge, Computer-Aided Tissue Engineering: Methods and Protocols aims to be useful for new and experienced laboratory researchers working on different aspects of corneal regeneration. |
| 650 ## - SUBJECT ADDED ENTRY--TOPICAL TERM |
| Topical Term |
Tissue engineering |
| -- |
Methods |
| 650 ## - SUBJECT ADDED ENTRY--TOPICAL TERM |
| Topical Term |
Tissue engineering |
| -- |
Protocols |
| 700 ## - ADDED ENTRY--PERSONAL NAME |
| Personal name |
Rainer, Alberto, editor. |
| 700 ## - ADDED ENTRY--PERSONAL NAME |
| Personal name |
Moroni, Lorenzo, editor. |
| 942 ## - ADDED ENTRY ELEMENTS (KOHA) |
| Koha item type |
Electronic Books |